Κατάλογος Βιβλιοθηκών Mediterranean College

Προϊόντα χωρίς Γλουτένη (Record no. 8719)

MARC details
000 -LEADER
fixed length control field 02097cam a22001814a 4500
005 - ΗΜΕΡΟΜΗΝΙΑ ΚΑΙ ΩΡΑ ΤΕΛΕΥΤΑΙΑΣ ΕΝΗΜΕΡΩΣΗΣ
Πεδίο ελέγχου 20250605164344.0
008 - FIXED-LENGTH DATA ELEMENTS--GENERAL INFORMATION
Πεδίο ελέγχου σταθερού μήκους 250528s ||||||||||||||||||||||||d
035 ## - SYSTEM CONTROL NUMBER
System control number 23782
040 ## - ΠΗΓΗ ΚΑΤΑΛΟΓΟΓΡΑΦΗΣΗΣ
Φορέας πρωτότυπης καταλογογράφησης MC Athens Campus Library
Γλώσσα καταλογογράφησης Ελληνικά, Μοντέρνα (1453-)
Modifying agency MC Athens Campus Library
Κανόνες περιγραφικής καταλογογράφησης AACR2
245 1# - ΤΙΤΛΟΣ ΚΑΙ ΔΗΛΩΣΗ ΥΠΕΥΘΥΝΟΤΗΤΑΣ
Τίτλος Προϊόντα χωρίς Γλουτένη
260 ## - PUBLICATION, DISTRIBUTION, ETC.
Date of publication, distribution, etc. 2017
300 ## - PHYSICAL DESCRIPTION
Extent 44
520 ## - SUMMARY, ETC.
Summary, etc. Εισαγωγή, Τι Είναι η Γλουτένη, Που Βρίσκουμε τη Γλουτένη, Ποιοι Πρέπει να την Αποφεύγουν, Προβλήματα, Κοιλοκάκη, Η Αποχή από τη Γλουτένη, Η Ζωή χωρίς Γλουτένη, Γιατί μια Δίαιτα χωρίς Γλουτένη μπορεί να Επιφέρει Θετικά Αποτελέσματα, Θα Μπορούσα μιά Διάιτα χωρίς Γλουένη να Βοηθήσει άτομα με Αυτισμό, Gluten-Free Επιχειρήσεις στην Ελλάδα, Κανονισμός της Ευρωπαϊκής Επιτροπής, Επαγγελματικοί Στόχοι και Στόχοι Ζωής, Επιχειρηματικό Πρόβλημα, Συντάγες, Κείκ με Μπανάνα χωρίς Γλουτένη, Ψωμάκια με Μπανάνα χωρίς Γλουτένη, Ρόφημα Ρυζιού, Φλογέρες με Φέτα και Κίτρινο Τυρί Χωρίς Γλουτένη, Κοτόπουλο Cordon Blue χωρίς Γλουτένη, Brownies χωρίς Γλουτένη με Γιαούρτι, Συμπεράσματα, Αποτελέσματα Συνταγών, Κέικ με Μπανάνα χωρίς Γλουτένη, Ψωμάκια με Μπανάνα χωρίς Γλουτένη, Ρόφημα Ρυζιού, Φλογέρες με Φέτα και Κίτρινο Τυρί χωρίς Γλουτένη, Κοτόπουλου Cordon Blue χωρίς Γλουτένη, Brownies χωρίς Γλουτένη με Γιαούρτι, Το Συμπέρασμα, Πηγές και Βιβλιογραφία.
700 1# - ΠΡΟΣΘΕΤΗ ΑΝΑΓΡΑΦΗ--ΦΥΣΙΚΟ ΠΡΟΣΩΠΟ
Personal name Rasimi Sibela
9 (RLIN) 9314
942 ## - ADDED ENTRY ELEMENTS (KOHA)
Koha item type Διπλωματική εργασία
Holdings
Τύπος τεκμηρίου Βιβλιοθήκη Τρέχουσα τοποθεσία Barcode Ημερομηνία απόκτησης Ταξιθετικό σύμβολο Αριθμός αντιτύπου Κατάσταση απόσυρσης Κατάσταση χαμένου Κατάσταση κατεστραμμένου Μη δανεισμός Σύνολο δανεισμών Ημερομηνία τελευταίας εμφάνισης Η τιμή ισχύει από
Διπλωματική εργασία MC Athens Campus Library MC Athens Campus Library 9780000087188 05/06/2025 TOUR 2017 (32) 1           05/06/2025 05/06/2025

MC Athens Campus Library
Πατησίων 94 & Κοδριγκτώνος 13, 104 34
Πελλήνης 8 & Πατησίων 107, 112 51
Τ: +30 210 8899600

MC Thessaloniki Campus Library
Ίωνος Δραγούμη 21, 54625 | Ίωνος Δραγούμη 15, 54625
Τ: +30 2310 287779 – Τ: +30 2314 440300